| 000 | 00629nam a2200193 i 4500 | ||
|---|---|---|---|
| 005 | 20160118045423.0 | ||
| 008 | 160118s2007 ck ||||| |||| 00| 0 spa d | ||
| 020 | _a9588295244 | ||
| 040 |
_aCO-BoIAVH _cCO-BoIAVH |
||
| 041 | _aspa | ||
| 082 | 0 | 4 |
_a333.73 _bI43i |
| 245 | 0 | 0 |
_aInforme preventivo : _bordenación de cuencas hidrográficas. |
| 260 |
_aBogotá : _bProcuraduría Delegada para asuntos Ambientales y Agrarios, _c2007. |
||
| 300 | _a147 p. | ||
| 650 | 1 | 4 |
_aCuencas hidrográficas _xLegislación |
| 710 | 2 | _aColombia. Procuraduría General de la Nación | |
| 942 |
_cLIBRO _2ddc |
||
| 945 | _d2008-11-18 | ||
| 999 |
_c6676 _d6676 |
||